| 000 | 00486 a2200181 4500 | ||
|---|---|---|---|
| 005 | 20240711161013.0 | ||
| 008 | 240711b |||||||| |||| 00| 0 eng d | ||
| 020 |
_a9788171568277 _cRs. 995.00 |
||
| 040 | _aMAIN | ||
| 082 |
_a973 _bJ334H |
||
| 100 | _aJayapalan, N | ||
| 245 | _aHistory of the United States of America | ||
| 260 |
_bAtlantic Publishers and Distributors _c2023 _aNew Delhi |
||
| 300 | _aviii, 261 | ||
| 650 | _aHistory | ||
| 650 | _aAmerica-History | ||
| 942 | _cBK | ||
| 999 |
_c311140 _d311140 |
||